Statistiques concernant Culture Générale - Série 1186

Cliquez ici pour prendre le quiz!

Statistiques générales

  • Ce quiz a été pris 45 fois
  • Le résultat moyen est 6 sur 10

Statistiques - réponses

Question Réponse % Correct
Quel instrument de musique est parfois appelé, familièrement, une "gratte" ?guitare
95%
De quelle île de la Méditerranée, la ville de Nicosie est-elle la capitale ?Chypre
91%
Par quel roi de France l'édit de Nantes a-t-il été signé en 1598 ?Henri IV
82%
Je peux être d'avoine, de maïs mais aussi de neige, que suis-je ?flocon
82%
Quel fruit est la garniture la plus classique du Strudel autrichien ?pomme
73%
Quelle mer sépare l'Égypte de la côte ouest de l'Arabie Saoudite ?Mer Rouge
70%
Quelle fête chrétienne est célébrée en mémoire de la descente de l'Esprit-Saint sur les apôtres ?Pentecôte
55%
En 1956, quel personnage historique Michèle Morgan incarne-t-elle dans un film de Jean Delannoy ?Marie-Antoinette
32%
Dans une adresse Internet, l'extension ".html" signifie "HyperText Markup...Language
14%
Dans la nouvelle "La Mule du pape", d'Alphonse Daudet, comment se prénomme le pape ?Boniface
5%

Distribution des résultats

Percentile par nombre de réponses

% des personnes avec chaque résultat

Votre développement - résultats

Vous n’avez pas pris ce quiz